Score 0/7 Timer 02:00
0 Plays Today
% Correct
1. The first to leave at the moment of death; the Secret Name; He directs the film of your life.
89.5%
5. The Double. Usually reaches adolescence at the time of bodily death, is the only reliable guide through the Land of the Dead.
52.6%
4. The Heart. Often treacherous.
47.4%
6. The Shadow. Memory. Your whole past conditioning from this and other lives.
36.8%
2. The second one off the sinking ship. Energy, Power, Light.
31.6%
3. The Guardian Angel. He, she or it is the third man out.
31.6%
7. The Remains.
31.6%

You're not logged in!

Compare scores with friends on all Sporcle quizzes.
OR
Log In

Sporcle TV

Today on Sporcle TV


Watch our educational content, quiz creation guides, and fun videos on Sporcle TV.

Show Comments

Extras

Top Quizzes Today


Score Distribution

Paid Content

Your Account Isn't Verified!

In order to create a playlist on Sporcle, you need to verify the email address you used during registration. Go to your Sporcle Settings to finish the process.

Report this User

Report this user for behavior that violates our Community Guidelines.

Details: